| 000 | 00385nam a2200169Ia 4500 | ||
|---|---|---|---|
| 008 | 220531s9999 xx 000 0 und d | ||
| 041 | _aeng | ||
| 082 | _bDWI | ||
| 100 |
_aDwivedi, A. H. _947809 |
||
| 245 | _aWalt Whitman | ||
| 260 |
_bPrakashan kendra _c2002 |
||
| 300 | _a361 | ||
| 542 | _d22-04-2002 | ||
| 650 |
_aEnglish _947810 |
||
| 906 | _d2002-2003 | ||
| 999 |
_c28026 _d28026 |
||